Solicitors' estate agency services in Scotland (Record no. 96629)

MARC details
000 -LEADER
fixed length control field 00831cam a2200229 4500
008 - FIXED-LENGTH DATA ELEMENTS--GENERAL INFORMATION
fixed length control field 090401t1997 xxu||||| |||| 00| 0 eng d
020 ## - INTERNATIONAL STANDARD BOOK NUMBER
International Standard Book Number 0101369921
035 ## - SYSTEM CONTROL NUMBER
System control number (Sirsi) u80699
041 ## - LANGUAGE CODE
Language code of text/sound track or separate title eng
050 ## - LIBRARY OF CONGRESS CALL NUMBER
Classification number 333.3309411
-- 18
110 ## - MAIN ENTRY--CORPORATE NAME
Corporate name or jurisdiction name as entry element Monopolies and Mergers Commission
9 (RLIN) 715
245 ## - TITLE STATEMENT
Title Solicitors' estate agency services in Scotland
Remainder of title a report on the supply of residential estate agency services in Scotland
260 ## - PUBLICATION, DISTRIBUTION, ETC.
Place of publication, distribution, etc. London
Name of publisher, distributor, etc. Stationery Office
Date of publication, distribution, etc. 1997
300 ## - PHYSICAL DESCRIPTION
Extent v, 303p.
Dimensions 30cm.
350 ## - PRICE (NR) (BK AM CF MU VM SE) [OBSOLETE]
Price 22
490 ## - SERIES STATEMENT
Series statement Cm
Volume/sequential designation 3699
650 ## - SUBJECT ADDED ENTRY--TOPICAL TERM
Topical term or geographic name entry element SCOTLAND
690 ## - LOCAL SUBJECT ADDED ENTRY--TOPICAL TERM (OCLC, RLIN)
Topical term or geographic name as entry element PROPERTY-RESIDENTIAL PROPERTY-RESIDENTIAL PROPERTY AGENCY
856 ## - ELECTRONIC LOCATION AND ACCESS
Uniform Resource Identifier <a href="https://www.competition-commission.org.uk/rep_pub/reports/1997/406solicitor.htm">https://www.competition-commission.org.uk/rep_pub/reports/1997/406solicitor.htm</a>
Public note View the report at www.competition-commission.org.uk...
942 ## - ADDED ENTRY ELEMENTS (KOHA)
Suppress in OPAC 0
948 ## - LOCAL PROCESSING INFORMATION (OCLC); SERIES PART DESIGNATOR (RLIN)
c (OCLC) 08/09/1997
Holdings
Withdrawn status Lost status Source of classification or shelving scheme Damaged status Not for loan Home library Current library Shelving location Date acquired Total Checkouts Full call number Barcode Date last seen Copy number Price effective from Koha item type
    Dewey Decimal Classification     Virtual Virtual Online 22/04/2005   ONLINE PUBLICATION 80699-2001 06/08/2019 1 06/08/2019 Book